Normal view
MARC view
- Johnson, Lobardo
Entry Personal Name
001 - CONTROL NUMBER
- control field: 100324
003 - CONTROL NUMBER IDENTIFIER
- control field: NUST
005 - DATE AND TIME OF LATEST TRANSACTION
- control field: 20221014121416.0
008 - FIXED-LENGTH DATA ELEMENTS
- fixed length control field: 221014|| aca||aabn | a|a d
040 ## - CATALOGING SOURCE
- Original cataloging agency: NUST
- Transcribing agency: NUST
100 ## - HEADING--PERSONAL NAME
- Personal name: Johnson, Lobardo
670 ## - SOURCE DATA FOUND
- Source citation: Work cat.: (NUST)183109: Johnson, Lobardo, Engineering Drawing /, 1956
